| 000 | 00425nam a22001457a 4500 | ||
|---|---|---|---|
| 005 | 20250609124008.0 | ||
| 008 | 250609b |||||||| |||| 00| 0 eng d | ||
| 020 | _a9780850096361 | ||
| 050 |
_aBT 732 _b.7 RET |
||
| 100 | _aRETIEF, FRANK | ||
| 245 |
_aTRAGEDY TO TRIUMPH _bA Christian response to trials and suffering _cFRANK RETIEF |
||
| 260 |
_aMILTON KEYNES _bWORD PUBLISHING _cc1994 |
||
| 300 | _a232p.; | ||
| 942 |
_2lcc _cBK _n0 |
||
| 999 |
_c6346 _d6346 |
||